000 00330 a2200157 4500
001 58669
020 _a
040 _cAnchieta - Pituba
100 _aPicado Filho, Archidy
240 1 0 _aLições de vôo
_lpor
245 1 0 _aLições de vôo
300 _a112
362 0 _a1996
650 4 _aFicção brasileira
942 _cBK
999 _c58669
_d58669